MARC details
| 000 -LEADER |
| campo de control de longitud fija |
02538nam a2200409 i 4500 |
| 001 - NÚMERO DE CONTROL |
| campo de control |
194229 |
| 003 - IDENTIFICADOR DE NÚMERO DE CONTROL |
| campo de control |
SpMaBN |
| 005 - FECHA Y HORA DE LA ÚLTIMA TRANSACCIÓN |
| campo de control |
20250708194638.0 |
| 007 - CAMPO FIJO DE DESCRIPCIÓN FÍSICA--INFORMACIÓN GENERAL |
| campo de control de longitud fija |
ta |
| 008 - DATOS DE LONGITUD FIJA--INFORMACIÓN GENERAL |
| campo de control de longitud fija |
240418s2023 sp | |||| 000 f spa |
| 017 ## - NÚMERO DE COPYRIGHT O DE DEPÓSITO LEGAL |
| Número de copyright o de depósito legal |
M 28181-2022 |
| Agencia que asigna |
Oficina Depósito Legal Madrid |
| 020 ## - NÚMERO INTERNACIONAL ESTÁNDAR DEL LIBRO |
| Número Internacional Estándar del Libro |
9788419243195 |
| 035 ## - NÚMERO DE CONTROL DEL SISTEMA |
| Número de control de sistema |
a7412022 |
| 040 ## - FUENTE DE CATALOGACIÓN |
| Centro catalogador/agencia de origen |
SpMaBN |
| Lengua de catalogación |
spa |
| Centro/agencia transcriptor |
SpMaBN |
| Normas de descripción |
rda |
| Centro/agencia modificador |
ES-MaACL |
| 080 ## - NÚMERO DE LA CLASIFICACIÓN DECIMAL UNIVERSAL |
| Número de la Clasificación Decimal Universal |
821.134.2-31"20" |
| 100 1# - ENTRADA PRINCIPAL--NOMBRE DE PERSONA |
| Nombre de persona |
Valvanera, María de, |
| Fechas asociadas al nombre |
1977- |
| 9 (RLIN) |
235887 |
| Término indicativo de función/relación |
Autor |
| 245 10 - MENCIÓN DEL TÍTULO |
| Título |
Mujeres que viajan en burro : |
| Resto del título |
un viaje de la España rural a la moderna California / |
| Mención de responsabilidad, etc. |
María de Valvanera. |
| 250 ## - MENCION DE EDICION |
| Mención de edición |
Cuarta edición: febrero 2024. |
| 264 #1 - PRODUCCIÓN, PUBLICACIÓN, DISTRIBUCIÓN, FABRICACIÓN Y COPYRIGHT |
| Producción, publicación, distribución, fabricación y copyright |
[Madrid] : |
| Nombre del de productor, editor, distribuidor, fabricante |
Tres Hermanas, |
| Fecha de producción, publicación, distribución, fabricación o copyright |
[2023] |
| 264 #4 - PRODUCCIÓN, PUBLICACIÓN, DISTRIBUCIÓN, FABRICACIÓN Y COPYRIGHT |
| Fecha de producción, publicación, distribución, fabricación o copyright |
©2023 |
| 300 ## - DESCRIPCIÓN FÍSICA |
| Extensión |
199 páginas ; |
| Dimensiones |
20 cm |
| 336 ## - TIPO DE CONTENIDO |
| Término de tipo de contenido |
Texto |
| Fuente |
rdacontent |
| 337 ## - TIPO DE MEDIO |
| Nombre/término del tipo de medio |
sin mediación |
| Fuente |
rdamedia |
| 338 ## - TIPO DE SOPORTE |
| Nombre/término del tipo de soporte |
volumen |
| Fuente |
rdacarrier |
| 490 1# - MENCIÓN DE SERIE |
| Mención de serie |
Tierras de la nieve roja ; |
| Designación de volumen o secuencia |
47 |
| 520 ## - RESUMEN, ETC. |
| Sumario, etc. |
Tres generaciones de mujeres, dos continentes y un apasionante viaje lleno de historias y aventuras. Mayka está a punto de cumplir cuarenta años cuando emprende un viaje de España a California, con su marido Óscar y su hijo Leo. Poco a poco irán adentrándose en el American way of life y su «eterno verano», pero descubrirán que no es oro todo lo que reluce en el «estado dorado», ni en sus apacibles vidas. Para superar sus miedos, dudas y contradicciones, Mayka tendrá que reencontrarse con el pasado, revisar sus conflictos con la maternidad, reconciliarse consigo misma y recuperar su identidad. Se apoyará en los lugares y mujeres que han marcado su vida y en nuevos paisajes y amistades que influirán en su nueva forma de estar en el mundo. Un divertido y emotivo viaje en el espacio y en el tiempo, lleno de luces y sombras, culturas y contrastes, entre lo rural y lo cosmopolita, la tierra y el mar, las raíces y los sueños. |
| 650 #0 - PUNTO DE ACCESO ADICIONAL DE MATERIA--TÉRMINO DE MATERIA |
| 9 (RLIN) |
226777 |
| Término de materia o nombre geográfico como elemento de entrada |
Novela española |
| Subdivisión cronológica |
S.XX |
| 655 #0 - TERMINO DE INDIZACIÓN--GENERO/FORMA |
| Datos o término principal de género/forma |
Novelas psicológicas |
| 9 (RLIN) |
233883 |
| 830 ## - PUNTO DE ACCESO ADICIONAL DE SERIE-TÍTULO UNIFORME |
| Título uniforme |
Tierras de la nieve roja ; |
| 9 (RLIN) |
235888 |
| Designación de volumen o secuencia |
47 |
| 852 ## - LOCALIZACIÓN |
| Ubicación |
ES-MaACL |
| Número de control de estantería |
N-9888 |
| Ubicación en estantería |
Depósito J |
| Anotaciones manuscritas |
Dedicatoria autógrafa de la autora |
| Donativo/Legado |
Donación: María de Valvanera |
| itemnumber |
201769 |
| Sublocalización o colección |
R. 155102 |
| Encuadernación |
Encuadernación rústica con solapas |
| 903 ## - NOMBRE PERSONAL DE DONANTE |
| 9 |
235887 |
| a |
Valvanera, María de, |
| d |
1977- |
| e |
Donante |
| 942 ## - ELEMENTOS DE ENTRADA SECUNDARIOS (KOHA) |
| Suprimir en OPAC |
No |
| Tipo de ítem Koha |
Libro impreso |